| 000 | 00536nam a2200229Ia 4500 | ||
|---|---|---|---|
| 008 | 210210b1977 xxu||||| |||| 00| 0 eng d | ||
| 041 | _aeng | ||
| 082 | _a304.63 SRIC | ||
| 100 | _aSRINIVAS (M N) | ||
| 245 | _aCulture and human fertility in india | ||
| 260 |
_aDelhi _bOxford University Press _c1977 |
||
| 300 | _a32 | ||
| 650 | _aindia | ||
| 650 | _ain | ||
| 650 | _ahuman | ||
| 650 | _afertility | ||
| 650 | _aCulture | ||
| 650 | _aand | ||
| 690 | _aSocial Processes | ||
| 700 | _aRAMASWAMY (E A) | ||
| 906 | _aSG01583 | ||
| 999 |
_c115923 _d115923 |
||